| 000 | 00455nam a22001697a 4500 | ||
|---|---|---|---|
| 999 |
_c525631 _d525631 |
||
| 003 | NUST | ||
| 038 | _awaseem | ||
| 082 |
_a330.98 _bLAL |
||
| 100 |
_aLal Khan _916555 |
||
| 245 |
_aTwenty First Century Socialism / _cLal Khan |
||
| 260 |
_aLahore : _bYasir Umair Printers, _c2007. |
||
| 300 | _a354 p. ; | ||
| 500 | _aHardcover. | ||
| 880 |
_6100-01\r _aلال خان |
||
| 880 |
_6245-02\r _aاکیسویں صدی کا سوشلزم / |
||
| 942 |
_2ddc _cBK |
||